Australian Financial accounting / (Record no. 3608)

000 -LEADER
fixed length control field 00806cam a2200277 a 4500
001 - CONTROL NUMBER
control field 17050242
003 - CONTROL NUMBER IDENTIFIER
control field OSt
005 - DATE AND TIME OF LATEST TRANSACTION
control field 20161017144636.0
008 - FIXED-LENGTH DATA ELEMENTS--GENERAL INFORMATION
fixed length control field 111118s2013 maua 001 0 eng
010 ## - LIBRARY OF CONGRESS CONTROL NUMBER
LC control number 2011046912
020 ## - INTERNATIONAL STANDARD BOOK NUMBER
International Standard Book Number 9780070136779
040 ## - CATALOGING SOURCE
Original cataloging agency DLC
Transcribing agency DLC
Modifying agency DLC
042 ## - AUTHENTICATION CODE
Authentication code pcc
050 00 - LIBRARY OF CONGRESS CALL NUMBER
Classification number HF5636.D44 2007
082 00 - DEWEY DECIMAL CLASSIFICATION NUMBER
Classification number 657
Edition number 23
100 1# - MAIN ENTRY--PERSONAL NAME
Personal name Deegan,Craig
245 10 - TITLE STATEMENT
Title Australian Financial accounting /
Statement of responsibility, etc Craig,Deegan
250 ## - EDITION STATEMENT
Edition statement 5th ed.
260 ## - PUBLICATION, DISTRIBUTION, ETC. (IMPRINT)
Place of publication, distribution, etc Boston :
Name of publisher, distributor, etc McGraw-Hill Irwin,
Date of publication, distribution, etc c2007.
300 ## - PHYSICAL DESCRIPTION
Extent xxxii, 1376 p. :
Other physical details col. ill. ;
Dimensions 29 cm.
500 ## - GENERAL NOTE
General note Includes index.
650 #0 - SUBJECT ADDED ENTRY--TOPICAL TERM
Topical term or geographic name as entry element Accounting.
906 ## - LOCAL DATA ELEMENT F, LDF (RLIN)
a 7
b cbc
c orignew
d 1
e ecip
f 20
g y-gencatlg
942 ## - ADDED ENTRY ELEMENTS (KOHA)
Source of classification or shelving scheme
Koha item type Book
Holdings
Withdrawn status Lost status Source of classification or shelving scheme Damaged status Not for loan Home library Current library Shelving location Date acquired Total Checkouts Full call number Barcode Date last seen Copy number Price effective from Koha item type
          Riara University Library Riara University Library General stack 17/10/2016   HF5636.D44 2007 8814/16 17/10/2016 C.1 17/10/2016 Book
          Riara University Library Riara University Library General stack 28/11/2016   HF5636.D44 2007 8654/16 28/11/2016 C.2 28/11/2016 Book

Riara University Library,
P.O. Box 49940-00100,
Nairobi, Kenya.